[Event "FIDE World Blitz 2014"]
[Site "Dubai UAE"]
[Date "2014.06.20"]
[Round "16.26"]
[White "Al Modiahki,M"]
[Black "Bologan,V"]
[Result "1-0"]
[WhiteElo "2549"]
[BlackElo "2661"]

1.e4 d6 2.Nc3 e5 3.f4 exf4 4.Bc4 Qh4+ 5.Kf1 Be6 6.Qe2 Nc6 7.Nf3 Qh5 8.d4 Bg4
9.Bb5 Bxf3 10.Qxf3 Qxf3+ 11.gxf3 O-O-O 12.Bxc6 bxc6 13.Bxf4 g6 14.Be3 Bg7
15.Ke2 Nf6 16.Bg5 Rde8 17.Bxf6 Bxf6 18.Kd3 Kd7 19.Ne2 Rb8 20.b3 c5 21.c3 cxd4
22.cxd4 a5 23.Rac1 a4 24.bxa4 Rb4 25.Rc4 Rxc4 26.Kxc4 Ra8 27.Nc3 Bg5 28.Rb1 Bd2
29.Rb4 h5 30.Kd3 Be1 31.d5 h4 32.h3 g5 33.Rc4 Ra5 34.Nb5 Kd8 35.Nxc7 Ra7
36.Nb5 Ra6 37.Ke2 Ba5 38.Rc6 Rxc6 39.dxc6 Ke7 40.Kd3 d5 41.exd5 f5 42.d6+ Ke6
43.c7 Kd7 44.Na7 Bxc7 45.dxc7 Kxc7 46.Nb5+ Kc6 47.Nd4+  1-0

[Event "FIDE World Blitz 2014"]
[Site "Dubai UAE"]
[Date "2014.06.20"]
[Round "19.31"]
[White "Ringoir,T"]
[Black "Bologan,V"]
[Result "0-1"]
[WhiteElo "2506"]
[BlackElo "2661"]

1.d4 Nf6 2.c4 e6 3.Nc3 Bb4 4.Qc2 c5 5.dxc5 O-O 6.a3 Bxc5 7.Nf3 b6 8.Bf4 Bb7
9.e3 Nc6 10.Rd1 Rc8 11.Be2 Be7 12.O-O Na5 13.b3 d5 14.Qb2 Qe8 15.cxd5 Nxd5
16.Nxd5 Bxd5 17.b4 Nc4 18.Bxc4 Rxc4 19.Rc1 Qa4 20.Rxc4 Bxc4 21.Rc1 Rd8 22.h3 Bd5
23.Rc7 Bf8 24.Nd4 h6 25.Bg3 a5 26.Ra7 Qd1+ 27.Kh2 axb4 28.axb4 Rc8 29.Rc7 Rxc7
30.Bxc7 Qf1 31.f3 Qe1 32.e4 Bc4 33.b5 Bc5 34.Be5 f6 35.Qc2 Qf1 36.Bxf6 gxf6
37.e5 f5 38.Nxf5 Bg1+ 39.Kg3 Qe1+ 40.Kg4 exf5+ 41.Qxf5 h5+ 42.Kxh5 Bf7+ 43.Kg4 Qb4+
44.Kg3 Qxb5 45.Qg5+ Kf8 46.Qh6+ Ke8 47.Qh8+ Kd7 48.Qg7 Qd5 49.h4 Bd4 50.f4 Bc5
51.h5 Qd3+ 52.Kh2 Qf5 53.h6 Qxf4+ 54.Kh3 Qf5+ 55.Kh2 Qh5+ 56.Kg3 Qg6+  0-1

[Event "FIDE World Blitz 2014"]
[Site "Dubai UAE"]
[Date "2014.06.20"]
[Round "20.27"]
[White "Bologan,V"]
[Black "Salem,AR"]
[Result "0-1"]
[WhiteElo "2661"]
[BlackElo "2581"]

1.e4 e5 2.Bc4 Nf6 3.d3 c6 4.Nf3 d5 5.Bb3 Bd6 6.Nc3 O-O 7.Bg5 d4 8.Ne2 h6
9.Bh4 Nbd7 10.h3 Nc5 11.g4 Nxb3 12.axb3 Be7 13.Bg3 Nd7 14.Nxe5 Nxe5 15.Bxe5 c5
16.Bg3 Re8 17.Qd2 a5 18.O-O h5 19.f3 Ra6 20.Kg2 b5 21.Bf4 a4 22.bxa4 bxa4
23.c4 Bd7 24.b3 a3 25.Ra2 Qb6 26.Rb1 Rea8 27.Qc2 Bd6 28.Qd2 Be7 29.Qc1 h4
30.Qc2 Bd6 31.Bxd6 Qxd6 32.Rba1 Qb6 33.Nf4 Qb8 34.Ne2 f6 35.Rb1 Rb6 36.Qd1 Ra7
37.Qc2 Kf7 38.Kg1 Ra8 39.Kg2 Ra7 40.Raa1 Kg8 41.Ra2 Kf7 42.Qd1 Kg8 43.f4 Bc6
44.Kf2 Bd7 45.Kf3 Ra5 46.Nc1 g5 47.Qd2 Ra7 48.Rba1 Rba6 49.Ne2 gxf4 50.Qxf4 Qxb3
51.Nc1 Qd1+ 52.Kf2 Qh1 53.Qf3 Qh2+ 54.Qg2 Qf4+ 55.Qf3 Qh2+ 56.Kf1 Qe5 57.Qf2 Qg5
58.Ne2 Kg7 59.Nf4 Qe5 60.Nh5+ Kg6 61.Qxh4 Rb6 62.Qf2 Rb3 63.Kg2 Kf7 64.Nf4 Ra8
65.Kg1 Ra7 66.Rf1 Ra6 67.Kg2 Rab6 68.Kg3 Rb2 69.Rxb2 Rxb2 70.Qf3 a2 71.Ra1 Ba4
72.h4 Bb3 73.g5 Rb1 74.Qh5+ Ke7 75.Qh7+ Kd6 76.g6 Rxa1  0-1

[Event "FIDE World Blitz 2014"]
[Site "Dubai UAE"]
[Date "2014.06.20"]
[Round "21.33"]
[White "Bologan,V"]
[Black "Kovalev,Vl"]
[Result "1-0"]
[WhiteElo "2661"]
[BlackElo "2554"]

1.d4 Nf6 2.c4 g6 3.Nc3 d5 4.Bg5 Bg7 5.Bxf6 Bxf6 6.cxd5 c5 7.Nf3 cxd4 8.Nxd4 Qb6
9.Nb3 O-O 10.e3 Rd8 11.Be2 Nc6 12.O-O Nb4 13.Bf3 e6 14.Qd2 exd5 15.Rfd1 Be6
16.Na4 Qb5 17.Nac5 Nc6 18.Rac1 Rac8 19.Nxe6 fxe6 20.Bg4 Re8 21.Nc5 Kf7 22.a4 Qb4
23.Bxe6+ Rxe6 24.Qxd5 Re8 25.Rc4 Qxb2 26.Re4 Ne5 27.Nxe6 Rxe6 28.f4 Ke7 29.fxe5 Rxe5
30.Qd8+ Kf7 31.Rd7+ Ke6 32.Qe8+ Kf5 33.Rxe5+ Bxe5 34.Qf7+ Kg5 35.h4+ Kxh4
36.Qxh7+ Kg5 37.Qe7+ Kf5 38.Rd1 Ke4 39.Qe6 Qb4 40.Qg4+  1-0